000 00682nam a2200205Ii 4500
003 JO-AjNU
008 230605s9999||||xx |||||||||||||| ||und||
040 _aJO-AjNU
_bara
_erda
_cJO-AjNU
041 _aara
050 1 4 _aHS475 .N2
100 3 _aصفوة، نجدة فتحي,
_eauthor
_936609
245 0 0 _aالماسونية في الوطن العربي
264 3 1 _aلندن: مركز الدراسات العربية
300 _aعربي 54ص، انجليزي 30ص
336 _atext
_btxt
_2rdacontent
337 _aunmediated
_bn
_2rdamedia
338 _avolume
_bnc
_2rdacarrier
490 0 _aسلسلة اوراق عربية ؛4
650 4 _aالماسونية
_936610
999 _aA15225
_c18793
_d18793